| 000 | 00594cam a2200169u 4500 | ||
|---|---|---|---|
| 082 |
_a940.4 _bCHU |
||
| 100 | 1 |
_aChurchill, Winston, _949036 |
|
| 245 | 1 | 4 | _aThe world crisis ... |
| 260 |
_aLondon, _bT. Butterworth limited _c[1923-29] |
||
| 300 |
_a4 v. in 5. _bmaps (part fold.) facsims. (part fold.) fold. tables, diagrs. (part fold.) _c24 cm. |
||
| 526 |
_a0 _b0 _c0 _d940_400000000000000_CHU |
||
| 650 | 0 |
_aReconstruction (1914-1939) _949761 |
|
| 650 | 0 | _aWorld politics. | |
| 650 | 0 |
_aWorld War, 1914-1918 _zGreat Britain. _949303 |
|
| 650 | 0 |
_aWorld War, 1914-1918. _928173 |
|
| 942 |
_2ddc _cBK |
||
| 999 |
_c553410 _d553410 |
||